01135nam a22001817a 4500003000500000005001700005008004100022020001800063040001600081082001800097100002300115245008900138250002100227260005600248300003300304505056700337610004900904DNLM20220326193246.0140329b xxu||||| |||| 00| 0 eng d a9789681638672 c##$aCtY$cMH a320.54bA545c aAnderson, Benedict aComunidades ImaginadasbReflexiones sobre el origen y la difusión del nacionalismo aQuinta edición aMéxico, D. F.bFondo de Cultura Económicac2011 a320 p.bill (a color)c17 cm tReconocimientostPrólogo a la Segunda EdicióntI. Introducción Conceptos y definicionestII. Las raíces culturales Las comunidades religiosas El reino dinástico Las aprehensiones del tiempotIII. El origen de la conciencia nacionaltIV. Los pioneros criollostV. Lenguas antiguas, modelos nuevostVI. El nacionalismo oficial y el imperialismotVII. La última oleadatVIII. Patriotismo y racismotIX. El ángel de la historiatX. El censo, el mapa y el museo El censo El mapa El museotXI. La memoria y el olvidotBibliografíatÍndice analítico xNacionalismoxComunidadesxBenedict Anderson